Příručka SMEP 1986
Salvato in:
| Autore principale: | |
|---|---|
| Natura: | Libro |
| Lingua: | ceco |
| Pubblicazione: |
Praha
Národní organizace technické obsluhy
1986
|
| Edizione: | 1. vyd. |
| Serie: | Výběr informací z organizační a výpočetní techniky
|
| Tags: |
Nessun Tag, puoi essere il primo ad aggiungerne!!
|
MARC
| LEADER | 00000nam a2200000 4500 | ||
|---|---|---|---|
| 001 | c028657 | ||
| 005 | 20221207072549.6 | ||
| 041 | 0 | |a cze | |
| 044 | |a CZ | ||
| 245 | 1 | 0 | |a Příručka SMEP 1986 |c Václav Vojtěch a kol. |
| 250 | |a 1. vyd. | ||
| 264 | 1 | |a Praha |b Národní organizace technické obsluhy |c 1986 | |
| 300 | |a 247 s. | ||
| 490 | 1 | |a Výběr informací z organizační a výpočetní techniky | |
| 830 | 0 | |a Výběr informací z organizační a výpočetní techniky | |
| 100 | 1 | |a Vojtěch, Václav | |